Divine undertakings (Record no. 82131)

MARC details
000 -LEADER
fixed length control field 00967cad a22002055a 4500
001 - CONTROL NUMBER
control field L149322
008 - FIXED-LENGTH DATA ELEMENTS--GENERAL INFORMATION
fixed length control field 090720s2009 xxk 000 0 eng u
035 ## - SYSTEM CONTROL NUMBER
System control number (Sirsi) u149322
041 0# - LANGUAGE CODE
Language code of text/sound track or separate title eng
100 1# - MAIN ENTRY--PERSONAL NAME
Personal name Barker, John
245 00 - TITLE STATEMENT
Title Divine undertakings
Remainder of title a practitioner's view on church repairs
Medium [electronic resource]
260 ## - PUBLICATION, DISTRIBUTION, ETC.
Date of publication, distribution, etc. 2010
490 #4 - SERIES STATEMENT
Series statement RICS Building Conservation Journal
Volume/sequential designation March/April 2010, 7-8(2)
520 ## - SUMMARY, ETC.
Summary, etc. A practitioner's view on church repairs and a summary of some of the main areas that will affect the success of a project, including the Ecclesiastical Exemption from listed building control and working with Parochial Church Councils (PCC).
590 ## - LOCAL NOTE (RLIN)
Local note KA
651 #4 - SUBJECT ADDED ENTRY--GEOGRAPHIC NAME
Geographic name United Kingdom
Chronological subdivision
690 ## - LOCAL SUBJECT ADDED ENTRY--TOPICAL TERM (OCLC, RLIN)
Topical term or geographic name as entry element BUILT ENVIRONMENT-BUILDING MAINTENANCE AND REFURBISHMENT-BUILDING RESTORATION
856 41 - ELECTRONIC LOCATION AND ACCESS
Uniform Resource Identifier <a href="https://www.rics.org/site/scripts/download_info.aspx?downloadID=5880">https://www.rics.org/site/scripts/download_info.aspx?downloadID=5880</a>
Public note View this item (member-only access) at www.rics.org
942 ## - ADDED ENTRY ELEMENTS (KOHA)
Suppress in OPAC 0
Holdings
Withdrawn status Lost status Source of classification or shelving scheme Damaged status Not for loan Home library Current library Shelving location Date acquired Total Checkouts Full call number Barcode Date last seen Copy number Price effective from Koha item type
    Dewey Decimal Classification     Virtual Virtual Online 19/02/2010   ONLINE PUBLICATION 149322-2001 06/08/2019 1 06/08/2019 Journal article